000 00386nam a2200145Ia 4500
008 230711s9999||||xx |||||||||||||| ||und||
041 _aENG
082 _a677
_bGU-C
100 _aGuggenheim,Gus
245 4 _aThe how to of carding and spinning quality controlĀ 
250 _a1st . Ed.
260 _c1968
_aNew Delhi
_bMahajan Publication
650 _aTextile Engineering
942 _cBK
999 _c3627
_d3627